000 00668nam a2200181Ia 4500
008 100921s9999 xx 000 0 und d
082 _b25716
_a891.463 थ 93
100 _aमंगेशकर गीता,बांदोडकर गौरी.
245 _aउपेक्षतिा.
260 _bप्रिया प्रकाशन, मुंबई.
_c1993
300 _a188
_bरसिक साहित्य,पुणे
365 _b110
520 _aललित-कादंबरी.
630 _aउपेक्षतिा.
650 _aललित-कादंबरी.
730 _aउपेक्षतिा.
942 _cBOOK
999 _c774829
_d774826